Clasificación de puestos de trabajo en la administración pública / Inés Collado Navarro y María Ramos Montañés
ISBN:
84-7351-182-4
Descripción Física:
151 p. ; 19 cm
Colección:
Biblioteca básica de administración pública
Otros Autores:
Ramos Montañés, María
MARC
| LEADER | 00000nam a2200000Ia 4500 | ||
|---|---|---|---|
| 001 | 14051 | ||
| 008 | 160829s9999 xx 000 0 cat d | ||
| 020 | |a 84-7351-182-4 | ||
| 080 | |a M-4-101 | ||
| 100 | |a Collado Navarro, Inés |9 28332 | ||
| 245 | |a Clasificación de puestos de trabajo en la administración pública / Inés Collado Navarro y María Ramos Montañés | ||
| 260 | |a Alcalá de Henares : |b Instituto Nacional de Administración Pública, DL 1985 | ||
| 300 | |a 151 p. ; |c 19 cm | ||
| 490 | |a Biblioteca básica de administración pública | ||
| 590 | |a Bibliografia | ||
| 650 | |a Administració pública |x Espanya |x Funcionaris i empleats |x Salaris, etc. |9 28333 | ||
| 700 | |a Ramos Montañés, María |9 28334 | ||
| 710 | |a Instituto Nacional de Administración Pública (Espanya) |9 17952 | ||
| 901 | |a Arxiu | ||
| 942 | |n 1 | ||
| 952 | |0 0 |1 0 |4 0 |6 M4101 |7 1 |9 44782 |a Arxiu |b Arxiu |d 2016-12-01 |l 0 |o M-4-101 |p 14051 |r 2016-12-01 00:00:00 |w 2016-12-01 |y ARXIU | ||
| 999 | |c 47365 |d 47365 | ||